| 000 | 01051cam a2200313 i 4500 | ||
|---|---|---|---|
| 001 | 12583979 | ||
| 003 | EG-ScBUE | ||
| 005 | 20260126100900.0 | ||
| 008 | 011107t2002 njua frb 001 0 eng d | ||
| 020 | _a0896036782 (alk. paper) | ||
| 020 | _a9780896036789 | ||
| 040 |
_aDLC _beng _erda _cDLC _dDLC _dEG-ScBUE |
||
| 082 | 0 | 4 |
_a572.6 _222 _bPOS |
| 245 | 0 | 0 |
_aPosttranslational modifications of proteins : _btools for functional proteomics / _cedited by Christoph Kannicht. |
| 264 | 1 |
_aTotowa : _bHumana Press, _c[2002] |
|
| 264 | 4 | _cc2002 | |
| 300 |
_axi, 322 pages : _billustrations ; _c24 cm. |
||
| 336 |
_2rdacontent _atext _btxt |
||
| 337 |
_aunmediated _2rdamedia _bn |
||
| 338 |
_avolume _bnc _2rdacarrier |
||
| 490 | 0 |
_aMethods in molecular biology _vv. 194 |
|
| 504 | _aIncludes bibliographical references and index. | ||
| 650 | 7 |
_aPost-translational modification _vLaboratory manuals. _2BUEsh |
|
| 651 | _2BUEsh | ||
| 653 |
_bPPhrm _cMarch2016 |
||
| 655 | _vReading book | ||
| 700 | 1 |
_aKannicht, Christoph, _eeditor. |
|
| 942 |
_2ddc _cBB |
||
| 999 |
_c21291 _d21263 |
||